000 00291nam a2200121 a 4500
005 20140414132101.0
008 100703s19uu xx 00 eng d
050 _aER
_bTh422 2000
100 _aKidd, Ronald
245 _aThings that fly.
260 _bAdvanced pub,
_c2000.
999 _c114459
_d114459